Science Quiz

Random Science Quiz
Score 0/16 Timer 02:00
0 Plays Today
hints answers % Correct
Layer 1physical
73.3%
Layer 3Network
70.5%
Layer 2data link
70.2%
Layer 7Application
70.2%
Layer 5Session
69.5%
Layer 4Transport
69.1%
Layer 6Presentation
68.8%
L1 databits
55.3%
hints answers % Correct
L4 dataSegments
51.6%
L3 dataPackets
51.2%
L2 dataFrames
50.9%
TCPtransmission control protocol
50.7%
L5 - L7 dataData
48.8%
UDPuser datagram protocol
48.8%
layer 2 sublayer 1Media Access Control
41.2%
layer 2 sublayer 2Logical Link Control
38.8%
Remove Ads.
Support Sporcle.
Get the best of Sporcle when you Go Orange. This ad-free experience offers more features, more stats, and more fun while also helping to support Sporcle. Thank you for becoming a member.

You're not logged in!

Compare scores with friends on all Sporcle quizzes.
OR
Log In

Show Comments

Extras

Created Nov 26, 2010ReportNominate
Tags:Networking, OSI Model

Top Quizzes Today


Score Distribution

Your Account Isn't Verified!

In order to create a playlist on Sporcle, you need to verify the email address you used during registration. Go to your Sporcle Settings to finish the process.

Report this User

Report this user for behavior that violates our Community Guidelines.

Details: